KOHA-Header-6

Software Engineering : A Practitioner's Approach (Record no. 1616)

000 -LEADER
fixed length control field 00337nam a2200133Ia 4500
008 - FIXED-LENGTH DATA ELEMENTS--GENERAL INFORMATION
fixed length control field 190723s9999 xx 000 0 und d
020 ## - INTERNATIONAL STANDARD BOOK NUMBER
International Standard Book Number 978-93-325-8269-9
100 ## - MAIN ENTRY--PERSONAL NAME
Personal name Ian Sommerville
245 #0 - TITLE STATEMENT
Title Software Engineering : A Practitioner's Approach
250 ## - EDITION STATEMENT
Edition statement 10th
260 ## - PUBLICATION, DISTRIBUTION, ETC. (IMPRINT)
Place of publication, distribution, etc India
Name of publisher, distributor, etc Pearson
Date of publication, distribution, etc 2017
300 ## - PHYSICAL DESCRIPTION
Extent 808.:p
942 ## - ADDED ENTRY ELEMENTS (KOHA)
Koha item type Books
Holdings
Withdrawn status Lost status Damaged status Not for loan Collection code Permanent Location Current Location Shelving location Date acquired Total Checkouts Full call number Barcode Date last seen Date checked out Price effective from Koha item type
      Not For Loan Computer Science MAJU MAJU   2019-07-23 1 5.1 8239 2020-07-06 2020-02-14 2019-07-23 Computer Science

Powered by Koha